Statystyki dla Harry potter - nauczyciele

Kliknij tutaj aby rozwiązać quiz!

Ogólne statystyki

  • Ten quiz został rozwiązany 297 razy
  • Średni wynik to 12 z 22

Statystyki odpowiedzi

Odpowiedź% Poprawnych
EliksirySnape
93%
Opieka nad magicznymi stworzeniamiHagrid
83%
Obrona przed czarną magiąLupin
81%
Obrona przed czarną magiąSnape
81%
Obrona przed czarną magiąLockhart
77%
Obrona przed czarną magiąMoody / Barty Crouch Jr
77%
TransmutacjaMcgonagall
74%
Obrona przed czarną magiąQuirrell
74%
Obrona przed czarną magiąUmbridge
74%
ZielarstwoSprout
72%
EliksirySlughorn
71%
Zaklęcia i urokiFlitwick
59%
WróżbiarstwoTrelawney
59%
Obrona przed czarną magiąCarrow
49%
Historia magiiBinns
43%
WróżbiarstwoFirenzo
40%
Opieka nad magicznymi stworzeniamiGrubbly - Plank
29%
AstronomiaSinistra
28%
MugoloznawstwoCarrow
26%
NumerologiaVector
21%
MugoloznawstwoBurbage
18%
Starożytne runyBabbling
9%

Rozkład punktacji

Percentyl według liczby udzielonych odpowiedzi

Procent ludzi z każdym wynikiem

Twoja historia wyników

Nie rozwiązałeś tego quizu